| 000 | 00388nam a2200145Ia 4500 | ||
|---|---|---|---|
| 005 | 20240814120750.0 | ||
| 008 | 240813s9999||||xx |||||||||||||| ||und|| | ||
| 082 | _a371.42 LIT | ||
| 100 | _aLittle, Wilson | ||
| 245 | 0 | _aDevelopmental guidance in secondary school | |
| 260 |
_aNew York _bMcGraw-Hill Book Co. _c1953 |
||
| 300 | _a324p | ||
| 650 | _aGuidance and Counselling | ||
| 942 | _cBK | ||
| 999 |
_c10892 _d10892 |
||